000 00479nam a2200181Ia 4500
008 230917s9999||||xx |||||||||||||| ||und||
020 _cRS 350.00
040 _e5001385
_aMAIN
041 _aEnglish
082 _a320.80954 S23B(6)
100 _aSharma, Ashok
245 0 _aBharat mein sthaniya prashasan
250 _a6th ed.
260 _aJaipur
_bRBSA Publishers
_c2022
300 _axii, 404 p.
500 _a4827 19/12/2022 IF22/1077 03/02/2022 Main Budget
942 _cBK
999 _c7406
_d7406